I 10 Comuni Più Popolosi per ogni Regione Italiana - Statistics

Statistiche generali
  • Questo quiz è stato fatto 80 volte
  • Il punteggio medio è 104 su 200
Statistiche sulle risposte
R Hint Risposta % Corretto
Abruzzo 70 585 L'Aquila
90%
Emilia-Romagna 391 601 Bologna
88%
Lombardia 1 363 842 Milano
88%
Abruzzo 118 377 Pescara
88%
Basilicata 63 602 Potenza
88%
Calabria 170 567 Reggio Calabria
88%
Emilia-Romagna 172 858 Reggio Emilia
88%
Puglia 316 212 Bari
87%
Lombardia 201 132 Brescia
87%
Sardegna 146 210 Cagliari
87%
Molise 47 519 Campobasso
87%
Campania 908 082 Napoli
87%
Piemonte 102 793 Novara
87%
Sicilia 628 539 Palermo
87%
Emilia-Romagna 199 203 Parma
87%
Emilia-Romagna 150 895 Rimini
87%
Lazio 2 748 641 Roma
87%
Piemonte 857 434 Torino
87%
Trentino-Alto Adige 119 013 Trento
87%
Friuli-Venezia Giulia 198 685 Trieste
87%
Friuli-Venezia Giulia 98 288 Udine
87%
Piemonte 92 776 Alessandria
85%
Piemonte 73 514 Asti
85%
Trentino-Alto Adige 106 437 Bolzano
85%
Sicilia 298 255 Catania
85%
Calabria 84 415 Catanzaro
85%
Abruzzo 48 436 Chieti
85%
Toscana 360 845 Firenze
85%
Liguria 562 171 Genova
85%
Toscana 92 735 Pisa
85%
Friuli-Venezia Giulia 52 502 Pordenone
85%
Campania 125 958 Salerno
85%
Sicilia 115 831 Siracusa
85%
Puglia 186 520 Taranto
85%
Valle d'Aosta 33 136 Aosta
83%
Lombardia 120 570 Bergamo
83%
Piemonte 55 861 Cuneo
83%
Liguria 42 416 Imperia
83%
Sicilia 218 187 Messina
83%
Emilia-Romagna 156 413 Ravenna
83%
Sardegna 120 254 Sassari
83%
Veneto 249 316 Venezia
83%
Marche 99 469 Ancona
82%
Emilia-Romagna 95 774 Cesena
82%
Emilia-Romagna 129 257 Ferrara
82%
Puglia 152.557 Foggia
82%
Puglia 94 434 Lecce
82%
Toscana 152 759 Livorno
82%
Basilicata 59 586 Matera
82%
Emilia-Romagna 184 873 Modena
82%
Veneto 207 844 Padova
82%
Liguria 58 644 Savona
82%
Veneto 255 046 Verona
82%
Puglia 89 843 Brindisi
80%
Calabria 58 179 Crotone
80%
Friuli-Venezia Giulia 33 651 Gorizia
80%
Lazio 127 800 Latina
80%
Toscana 88 831 Lucca
80%
Umbria 162 575 Perugia
80%
Toscana 195 815 Prato
80%
Sicilia 73 169 Ragusa
80%
Veneto 110 600 Vicenza
80%
Lombardia 83 082 Como
78%
Emilia-Romagna 117 758 Forlì
78%
Liguria 92 661 La Spezia
78%
Sardegna 32 764 Nuoro
78%
Lombardia 71 747 Pavia
78%
Emilia-Romagna 103 666 Piacenza
78%
Toscana 89 245 Pistoia
78%
Abruzzo 51 504 Teramo
78%
Umbria 106 486 Terni
78%
Lombardia 78 992 Varese
78%
Campania 72 632 Caserta
77%
Calabria 63 741 Cosenza
77%
Toscana 81 290 Grosseto
77%
Molise 20 616 Isernia
77%
Sicilia 55 334 Agrigento
75%
Lombardia 123 555 Monza
75%
Marche 95 360 Pesaro
73%
Veneto 86 029 Treviso
73%
Puglia 92 419 Barletta
72%
Sardegna 61 775 Olbia
72%
Lazio 66 312 Viterbo
72%
Toscana 96 236 Arezzo
70%
Toscana 66 269 Massa
70%
Veneto 49 975 Rovigo
70%
Marche 45 310 Ascoli Piceno
68%
Sicilia 58 185 Caltanissetta
68%
Marche 35 835 Fermo
68%
Sardegna 29 939 Oristano
68%
Piemonte 46 044 Vercelli
68%
Puglia 96 873 Andria
67%
Calabria 31 032 Vibo Valentia
67%
Marche 40 623 Macerata
65%
Liguria 53 009 Sanremo
65%
Umbria 27 443 Assisi
57%
Lombardia 78 935 Sesto San Giovanni
57%
Campania 124 633 Giugliano in Campania
55%
Molise 31 858 Termoli
53%
Sicilia 70 991 Gela
52%
Calabria 67 041 Lamezia Terme
52%
Lazio 83 011 Fiumicino
50%
Valle d'Aosta 4 173 Quart
50%
Sicilia 79 608 Marsala
48%
Abruzzo 40 764 Vasto
47%
Toscana 60 593 Viareggio
47%
Lombardia 84 576 Busto Arsizio
45%
Campania 79 294 Torre del Greco
45%
Sardegna 41 834 Alghero
43%
Puglia 69 728 Altamura
43%
Umbria 55 251 Foligno
43%
Trentino-Alto Adige 41 501 Merano
43%
Sardegna 67 957 Quartu Sant'Elena
43%
Umbria 36 234 Spoleto
43%
Trentino-Alto Adige 23 114 Bressanone
42%
Sardegna 25 419 Carbonia
42%
Campania 62 157 Castellammare di Stabia
42%
Umbria 30 394 Gubbio
42%
Umbria 19 307 Orvieto
42%
Campania 75 192 Pozzuoli
42%
Campania 61 449 Afragola
40%
Puglia 54 934 Cerignola
40%
Trentino-Alto Adige 40 396 Rovereto
40%
Marche 47 019 San Benedetto del Tronto
40%
Marche 59 907 Fano
38%
Abruzzo 33 852 Lanciano
38%
Friuli-Venezia Giulia 30 614 Monfalcone
38%
Lazio 55 054 Tivoli
38%
Sicilia 63 616 Vittoria
38%
Lombardia 75 132 Cinisello Balsamo
37%
Piemonte 55 495 Moncalieri
37%
Lazio 74 580 Aprilia
35%
Veneto 42 210 Bassano del Grappa
35%
Liguria 27 483 Chiavari
35%
Basilicata 16 865 Melfi
33%
Marche 43 815 Senigallia
33%
Umbria 38 337 Città di Castello
32%
Lazio 89 153 Guidonia Montecelio
32%
Lazio 64 949 Pomezia
32%
Campania 58 535 Acerra
30%
Veneto 47 025 Chioggia
30%
Calabria 73 913 Corigliano-Rossano
30%
Puglia 57 441 Molfetta
30%
Abruzzo 40 932 Avezzano
28%
Campania 73 491 Casoria
28%
Marche 41 915 Civitanova Marche
28%
Marche 39 453 Jesi
27%
Liguria 22 922 Ventimiglia
27%
Piemonte 45 735 Nichelino
25%
Lazio 59 550 Anzio
23%
Abruzzo 25 428 Francavilla al Mare
23%
Abruzzo 53 606 Montesilvano
23%
Basilicata 16 707 Pisticci
23%
Piemonte 46 558 Rivoli
23%
Liguria 29 422 Rapallo
22%
Veneto 42 200 San Donà di Piave
20%
Liguria 21 750 Sarzana
20%
Veneto 38 945 Schio
20%
Molise 10 742 Venafro
20%
Basilicata 17 743 Policoro
18%
Calabria 36 462 Rende
18%
Lazio 52 877 Velletri
18%
Liguria 23 553 Albenga
17%
Molise 7 896 Campomarino
17%
Piemonte 47 682 Collegno
17%
Basilicata 12 406 Rionero in Vulture
17%
Abruzzo 25 873 Roseto degli Abruzzi
17%
Valle d'Aosta 4 774 Sarre
17%
Trentino-Alto Adige 17 674 Arco
15%
Trentino-Alto Adige 17 166 Brunico
15%
Calabria 20 734 Castrovillari
15%
Friuli-Venezia Giulia 17 703 Cordenons
15%
Valle d'Aosta 4 440 Saint-Vincent
15%
Valle d'Aosta 4 308 Châtillon
13%
Friuli-Venezia Giulia 15 813 Codroipo
13%
Trentino-Alto Adige 17 778 Riva del Garda
13%
Sardegna 25 581 Assemini
12%
Basilicata 11 882 Bernalda
12%
Basilicata 11 698 Lauria
12%
Sardegna 28 269 Selargius
12%
Umbria 21 190 Bastia Umbra
10%
Molise 6 291 Larino
10%
Valle d'Aosta 3 515 Pont-Saint-Martin
10%
Friuli-Venezia Giulia 19 910 Sacile
10%
Friuli-Venezia Giulia 15 238 San Vito al Tagliamento
10%
Molise 7 553 Bojano
8%
Friuli-Venezia Giulia 15 786 Azzano Decimo
7%
Umbria 21 485 Corciano
5%
Valle d'Aosta 3 336 Gressan
5%
Basilicata 12 845 Lavello
5%
Molise 6 174 Montenero di Bisaccia
5%
Valle d'Aosta 2 938 Nus
5%
Trentino-Alto Adige 21 611 Pergine Valsugana
5%
Valle d'Aosta 3 248 Saint-Pierre
5%
Basilicata 10 582 Venosa
5%
Trentino-Alto Adige 18 711 Laives
3%
Calabria 20 095 Montalto Uffugo
3%
Molise 4 719 Riccia
3%
Valle d'Aosta 3 415 Saint-Christophe
3%
Molise 4 894 Guglionesi
2%
Nessun quiz corrispondente trovato
Distribuzione punteggi
Percentuale di utenti per punteggio
Percentile per numero di risposta
I tuoi punteggi nel tempo
Non hai fatto questo quiz